| 000 | 00763nam a22002417a 4500 | ||
|---|---|---|---|
| 005 | 20170124110027.0 | ||
| 010 | _aA-735821 | ||
| 020 |
_c00.00 _a8123902891 |
||
| 035 | _aA-735821 | ||
| 037 | _bCen Lib/Ret | ||
| 040 |
_aDPL _bEN |
||
| 082 |
_a574.192 _bPIL |
||
| 100 |
_aPillai, K. K. _920791 |
||
| 245 |
_aBiochemistry and clinical pathology : _cby K. K. Pillai [and] J. S. Qadry _btheory and practicla / |
||
| 260 |
_aDelhi _bCBS Publishers _c1994 |
||
| 270 |
_bDelhi _a485, Jain Bhawan, Bhola Nath Nagar, Shahdara _e110032 |
||
| 300 |
_axi,172p. _c20cm(Hb) |
||
| 500 | _aIncludes index | ||
| 650 |
_aClinical biochemistry _920792 |
||
| 650 |
_aPathology _920793 |
||
| 700 |
_aQadry, J. S. _920794 |
||
| 942 |
_2ddc _cEN _h574.192 _mPIL |
||
| 999 |
_c127545 _d127545 |
||